|
|
|
|
| LEADER |
01216nam a2200337 a 4500 |
| 001 |
EBC3116933 |
| 003 |
MiAaPQ |
| 005 |
20200520144314.0 |
| 006 |
m o d | |
| 007 |
cr cn||||||||| |
| 008 |
930323s1991 caua s 000 0 eng |
| 010 |
|
|
|z 90084923
|
| 020 |
|
|
|z 1560520965
|
| 035 |
|
|
|a (MiAaPQ)EBC3116933
|
| 035 |
|
|
|a (Au-PeEL)EBL3116933
|
| 035 |
|
|
|a (CaPaEBR)ebr10058050
|
| 035 |
|
|
|a (OCoLC)922967030
|
| 040 |
|
|
|a MiAaPQ
|c MiAaPQ
|d MiAaPQ
|
| 050 |
|
4 |
|a HD50.5
|b .S36 1991
|
| 100 |
1 |
|
|a Scott, Cynthia D.
|
| 245 |
1 |
0 |
|a Empowerment
|h [electronic resource] :
|b a practical guide for success /
|c Cynthia D. Scott, Dennis T. Jaffe.
|
| 260 |
|
|
|a Menlo Park, Calif. :
|b Crisp Publications,
|c c1991.
|
| 300 |
|
|
|a v, 90 p. :
|b ill.
|
| 490 |
1 |
|
|a A Fifty-Minute series book
|
| 533 |
|
|
|a Electronic reproduction. Ann Arbor, MI : ProQuest, 2015. Available via World Wide Web. Access may be limited to ProQuest affiliated libraries.
|
| 650 |
|
0 |
|a Employee empowerment.
|
| 655 |
|
4 |
|a Electronic books.
|
| 700 |
1 |
|
|a Jaffe, Dennis T.
|
| 710 |
2 |
|
|a ProQuest (Firm)
|
| 830 |
|
0 |
|a Fifty-Minute series.
|
| 856 |
4 |
0 |
|u https://ebookcentral.proquest.com/lib/matrademy/detail.action?docID=3116933
|z Click to View
|